Một số phương pháp tiếp cận giáo dục môi trường
Nội dung giới thiệu 6 cách tiếp cận trong giáo dục môi trường: Giáo dục vì sự bền vững, phương pháp tiếp cận tổng thê, giáo dục ngoài lớp học, giáo dục thông qua việc học tập thực nghiệm, giáo dục giá trị môi trường, và giáo dục thông...
Đã lưu trong:
| Príomhúdar: | |
|---|---|
| Formáid: | Leabhar |
| Teanga: | Undetermined |
| Foilsithe: |
Hà Nội
Giáo Dục
1999
|
| Ábhair: | |
| Clibeanna: |
Cuir Clib Leis
Gan Chlibeanna, Bí ar an gcéad duine leis an taifead seo a chlibeáil!
|
| Thư viện lưu trữ: | Trung tâm Học liệu Trường Đại học Cần Thơ |
|---|
| LEADER | 01022nam a2200181Ia 4500 | ||
|---|---|---|---|
| 001 | CTU_36284 | ||
| 008 | 210402s9999 xx 000 0 und d | ||
| 082 | |a 372.357 | ||
| 082 | |b Nh502 | ||
| 100 | |a Hoàng Đức Nhuận | ||
| 245 | 0 | |a Một số phương pháp tiếp cận giáo dục môi trường | |
| 245 | 0 | |c Hoàng Đức Nhuận, Nguyễn Văn Khang | |
| 260 | |a Hà Nội | ||
| 260 | |b Giáo Dục | ||
| 260 | |c 1999 | ||
| 520 | |a Nội dung giới thiệu 6 cách tiếp cận trong giáo dục môi trường: Giáo dục vì sự bền vững, phương pháp tiếp cận tổng thê, giáo dục ngoài lớp học, giáo dục thông qua việc học tập thực nghiệm, giáo dục giá trị môi trường, và giáo dục thông qua giải quyết vấn đề cộng đồng. | ||
| 650 | |a environmental education,environmental protection | ||
| 980 | |a Trung tâm Học liệu Trường Đại học Cần Thơ | ||